00221nam a2200085Ia 4500008004100000100001900041245004300060260002400103300000800127201231s9999 xx 000 0 und d aHayes, John P. 0aComputer Architecture and Organization aBostonbMcGraw-Hill a604